01326 2200445 4500001002100000005001500021035002000036007000300056008004100059020002200100040002200122082001500144084001700159090002100176090002200197100003000219245012400249250002900373300003100402650001900433850001200452504003300464264004200497336002100539337003000560338002300590999002200613990002200635990002000657990001900677990001900696990002200715990002000737990002000757990002200777990001900799990002000818990002200838990002000860INLIS00000000085207020191017113331 a0010-1019000797ta191017s2019 yoi g ind d a978-602-6733-63-4 aYOPDYOGbinderda04223a297.01 a297.01 WID f aDEP 297.01 WID f aCB-D.11 2019-13610 aWidyastini,cHj.epenulis12aFilsafat ketuhanan Al-Ghazali dan relevansinya dengan pembentukan pribadi ideal di Indonesia /cpenulis, Hj. Widyastini aCetakan I : Januari 2019 aviii, 186 halaman ;c23 cm 4aFilsafat Islam aYOPDYOG aBibliografi: halaman 169-175 aYogyakarta :bAswaja Pressindo,c2019 2rdacontentateks 2rdamediaatanpa perantara 2rdacarrieravolume aCB-D.11/2019-1361 aCB-D.11/2019-1361 a64275-PD/A.2019 a64276-PD/A.201 a64276-PD/A.201 aCB-D.11/2019-1361 a64275-PD/A.2019 a64275-PD/A.2019 aCB-D.11/2019-1361 a64276-PD/A.201 a64276-PD/A.2019 aCB-D.11/2019-1361 a64275-PD/A.2019